UK & international GAAP generally accepted accounting practice in the United Kingdom and under international accounting standards
Salvato in:
| Autore principale: | |
|---|---|
| Natura: | Libro |
| Lingua: | inglese |
| Pubblicazione: |
London
Ernst & Young
2001
|
| Edizione: | 7th ed. |
| Soggetti: | |
| Tags: |
Nessun Tag, puoi essere il primo ad aggiungerne!!
|
MARC
| LEADER | 00000nam$a2200000$$$4500 | ||
|---|---|---|---|
| 001 | 0105674 | ||
| 005 | 20231215115005.5 | ||
| 020 | |a 0-406-94552-7 | ||
| 041 | 0 | |a eng | |
| 044 | |a GB | ||
| 245 | 1 | 0 | |a UK & international GAAP |b generally accepted accounting practice in the United Kingdom and under international accounting standards |c Allister Wilson ... [et al.] |
| 250 | |a 7th ed. | ||
| 264 | 1 | |a London |b Ernst & Young |c 2001 | |
| 300 | |a lxxxii, 2288 s. | ||
| 610 | 2 | 0 | |a účtovníctvo |
| 610 | 2 | 0 | |a účtovníctvo medzinárodné |
| 610 | 2 | 0 | |a štandardy |
| 610 | 2 | 0 | |a štandardy účtovné medzinárodné |
| 610 | 2 | 0 | |a Veľká Británia |
| 100 | 1 | |a Wilson, Allister | |